[Event "VI Torneo Leonardo di Bona Magistrale"]
[Site "Cutro ITA"]
[Date "2000.05.02"]
[Round "4"]
[White "Plachkinova Georgieva, Tatjana"]
[Black "Velcheva, Maria"]
[Result "0-1"]
[WhiteElo "2071"]
[BlackElo "2364"]
[PlyCount "80"]
[EventDate "2000.04.29"]

1. d4 d5 2. c4 c6 3. Nf3 Nf6 4. Nc3 dxc4 5. a4 Bf5 6. Ne5 e6 7. f3 Bb4 8. Nxc4
O-O 9. e4 Nxe4 10. fxe4 Qh4+ 11. Kd2 Qxe4 12. Qf3 Qxd4+ 13. Ke1 Nd7 14. Bf4 e5
15. Be3 Bxc3+ 16. Kf2 Qh4+ 17. g3 Qf6 18. bxc3 Qg6 19. Bg2 Bg4 20. Qe4 f5 21.
Qb1 f4 22. gxf4 exf4 23. Bd4 Qe6 24. Be4 Qxc4 25. Bxh7+ Kh8 26. Re1 Nf6 27. Bg6
c5 28. Bxf6 Rxf6 29. Qxb7 Raf8 30. h3 Rxg6 31. hxg4 f3 32. Qe7 Kg8 33. Qe5 Qxg4
34. Qd5+ Kh7 35. Rh1+ Rh6 36. Rag1 Qf5 37. Rxh6+ gxh6 38. Qb7+ Rf7 39. Qb8 Qc2+
40. Kf1 Qe2# 0-1

[Event "VI Torneo Leonardo di Bona Magistrale"]
[Site "Cutro ITA"]
[Date "2000.05.02"]
[Round "4"]
[White "Safranska, Anda"]
[Black "Blasco, Domenico"]
[Result "1-0"]
[WhiteElo "2367"]
[BlackElo "2092"]
[PlyCount "75"]
[EventDate "2000.04.29"]

1. Nf3 Nf6 2. g3 b6 3. Bg2 Bb7 4. d3 g6 5. O-O Bg7 6. e4 d6 7. Nc3 O-O 8. Re1
e5 9. d4 Nc6 10. d5 Ne7 11. h3 Nh5 12. Qe2 h6 13. Nh4 Qd7 14. Kh2 Bc8 15. a4 a6
16. Be3 Kh7 17. Rf1 f5 18. Nxf5 Nxf5 19. exf5 Rxf5 20. Be4 Rf4 21. Rh1 Qxh3+
22. Kg1 Nxg3 23. fxg3 Qxg3+ 24. Bg2 Bg4 25. Bxf4 Qxf4 26. Qf2 Qb4 27. Ne4 Rf8
28. Qd2 Qxb2 29. Rf1 Bf5 30. Ng5+ Kg8 31. Ne6 Bxe6 32. Rxf8+ Bxf8 33. dxe6 Qa3
34. e7 Bxe7 35. Bd5+ Kf8 36. Qxh6+ Ke8 37. Qxg6+ Kd8 38. Rh8+ 1-0

[Event "VI Torneo Leonardo di Bona Magistrale"]
[Site "Cutro ITA"]
[Date "2000.05.03"]
[Round "5"]
[White "Blasco, Domenico"]
[Black "Plachkinova Georgieva, Tatjana"]
[Result "1/2-1/2"]
[WhiteElo "2092"]
[BlackElo "2071"]
[PlyCount "149"]
[EventDate "2000.04.29"]

1. d4 Nf6 2. e3 c5 3. Nf3 cxd4 4. exd4 d5 5. c4 Nc6 6. Nc3 Bg4 7. Be2 e6 8. O-O
dxc4 9. Qa4 Rc8 10. Be3 Be7 11. Qxc4 O-O 12. Qb3 Na5 13. Qa4 a6 14. Ne5 Bxe2
15. Nxe2 b5 16. Qd1 Nd5 17. Rc1 Bf6 18. Rxc8 Qxc8 19. Bd2 Nc4 20. Nxc4 Qxc4 21.
b3 Qd3 22. Be3 Qxd1 23. Rxd1 Rc8 24. Rc1 Rxc1+ 25. Nxc1 b4 26. Kf1 Nc3 27. Ke1
Kf8 28. Kd2 Ke7 29. Kd3 Nd5 30. Kc4 Kd6 31. Nd3 a5 32. Kb5 Bd8 33. Nc1 Nc3+ 34.
Kc4 Nb1 35. Bf4+ Kc6 36. Be3 Na3+ 37. Kd3 Kd5 38. Ne2 Bc7 39. Nc1 Nb5 40. Ne2
Na3 41. Bc1 Nb5 42. Bb2 g5 43. h3 h5 44. Ng1 Bb6 45. Ne2 Bc7 46. Bc1 f6 47. Bb2
h4 48. Ng1 e5 49. dxe5 Bxe5 50. Bxe5 fxe5 51. Kd2 e4 52. f3 Nc3 53. a4 Kd4 54.
fxe4 Nxe4+ 55. Ke2 Kc3 56. Ke3 Nc5 57. Nf3 Kxb3 58. Nxg5 Kc2 59. Nf3 b3 60.
Nd4+ Kd1 61. Nxb3 Nxb3 62. g4 hxg3 63. Kf3 g2 64. Kxg2 Nc5 65. h4 Ne6 66. Kf3
Kc2 67. Ke4 Kb3 68. Ke5 Nf8 69. Kf6 Kxa4 70. Kf7 Kb3 71. Kxf8 a4 72. h5 a3 73.
h6 a2 74. h7 a1=Q 75. Kg8 1/2-1/2

[Event "VI Torneo Leonardo di Bona Magistrale"]
[Site "Cutro ITA"]
[Date "2000.05.03"]
[Round "5"]
[White "Dervishi, Erald"]
[Black "Gorbatov, Alexej"]
[Result "1-0"]
[WhiteElo "2478"]
[BlackElo "2423"]
[PlyCount "81"]
[EventDate "2000.04.29"]

1. e4 e5 2. Nf3 Nc6 3. Bb5 Nf6 4. O-O Nxe4 5. d4 Nd6 6. Bxc6 dxc6 7. dxe5 Nf5
8. Qxd8+ Kxd8 9. Rd1+ Ke8 10. Nc3 Be7 11. Bg5 Bxg5 12. Nxg5 h6 13. Nge4 Ke7 14.
Rd3 Rd8 15. Rxd8 Kxd8 16. Rd1+ Ke7 17. b3 b6 18. f4 Bb7 19. Kf2 c5 20. g4 Nd4
21. Rd2 h5 22. gxh5 Rh8 23. Ng3 Ke6 24. h3 Bf3 25. Nb5 Nxb5 26. Kxf3 Nc3 27. a4
c4 28. Kg4 cxb3 29. cxb3 f6 30. exf6 gxf6 31. Rc2 Nd5 32. Re2+ Kd6 33. Nf5+ Kc5
34. Re4 Rg8+ 35. Kh4 b5 36. axb5 Kxb5 37. h6 a5 38. Kh5 Nc3 39. Rc4 Ne2 40. h7
Ng3+ 41. Nxg3 1-0

[Event "VI Torneo Leonardo di Bona Magistrale"]
[Site "Cutro ITA"]
[Date "2000.05.03"]
[Round "5"]
[White "Genocchio, Daniele"]
[Black "Safranska, Anda"]
[Result "1-0"]
[WhiteElo "2245"]
[BlackElo "2367"]
[PlyCount "71"]
[EventDate "2000.04.29"]

1. e4 g6 2. h4 e5 3. Nf3 Bg7 4. h5 d6 5. Bc4 Qe7 6. c3 Nd7 7. d4 Nb6 8. hxg6
hxg6 9. Rxh8 Bxh8 10. dxe5 Nxc4 11. Qa4+ c6 12. Qxc4 dxe5 13. Be3 Nf6 14. Nbd2
Be6 15. Qa4 Ng4 16. Bb6 Kf8 17. O-O-O Kg8 18. Ne1 Qe8 19. Bc5 b6 20. f3 bxc5
21. fxg4 Bxg4 22. Nef3 Bg7 23. Nc4 a5 24. Kc2 Ra7 25. Rd6 Bd7 26. Qb3 a4 27.
Qb6 Ra8 28. Qc7 Be6 29. Nb6 Rb8 30. Ng5 Bxa2 31. c4 Bb3+ 32. Kc3 Bf8 33. Rxg6+
Bg7 34. Ne6 Rxb6 35. Rxg7+ Kh8 36. Rxf7 1-0

[Event "VI Torneo Leonardo di Bona Magistrale"]
[Site "Cutro ITA"]
[Date "2000.05.03"]
[Round "5"]
[White "Lazarev, Vladimir"]
[Black "Kogan, Artur"]
[Result "0-1"]
[WhiteElo "2493"]
[BlackElo "2483"]
[PlyCount "96"]
[EventDate "2000.04.29"]

1. d4 Nf6 2. c4 c6 3. Nc3 d5 4. Nf3 dxc4 5. a4 Na6 6. e3 Bg4 7. Bxc4 e6 8. O-O
Be7 9. h3 Bh5 10. Qe2 Nb4 11. Rd1 Nd7 12. Bb3 O-O 13. e4 Qc7 14. Be3 Rac8 15.
Rac1 Rfe8 16. Kh1 a6 17. Qf1 c5 18. d5 exd5 19. Nxd5 Nxd5 20. Bxd5 Nb6 21. Bb3
Bf8 22. a5 Nd7 23. Ba4 Ne5 24. Bf4 Bxf3 25. gxf3 Red8 26. b4 c4 27. Rxd8 Rxd8
28. Bb3 c3 29. b5 Qc5 30. bxa6 bxa6 31. Be3 Qxa5 32. f4 Nd3 33. Rd1 Nb2 34.
Rxd8 Qxd8 35. Qxa6 Qd3 36. Qb7 Nc4 37. Kh2 c2 38. e5 Qxe3 39. fxe3 c1=Q 40. e6
Qd2+ 41. Kh1 Qe1+ 42. Kh2 Qe2+ 43. Kh1 fxe6 44. Qe4 Qe1+ 45. Kh2 Qd2+ 46. Kh1
Qc1+ 47. Kh2 Qd2+ 48. Kh1 Qd5 0-1

[Event "VI Torneo Leonardo di Bona Magistrale"]
[Site "Cutro ITA"]
[Date "2000.05.03"]
[Round "5"]
[White "Velcheva, Maria"]
[Black "Lazic, Miroljub"]
[Result "0-1"]
[WhiteElo "2364"]
[BlackElo "2478"]
[PlyCount "78"]
[EventDate "2000.04.29"]

1. e4 e5 2. Nf3 Nc6 3. Bb5 a6 4. Ba4 Nf6 5. O-O Be7 6. Bxc6 dxc6 7. Re1 Bg4 8.
d3 Nd7 9. Nbd2 Bd6 10. h3 Bh5 11. Nf1 Qe7 12. Ng3 Bg6 13. c3 O-O-O 14. b4 h5
15. a4 c5 16. b5 a5 17. c4 b6 18. Qe2 Rdg8 19. Bd2 f6 20. Nf5 Qe6 21. N3h4 Bf7
22. Ne3 g6 23. Nd5 Qe8 24. Bc3 Qd8 25. g3 Be6 26. Kh2 f5 27. exf5 gxf5 28. Nf3
h4 29. Nxe5 hxg3+ 30. fxg3 Qg5 31. Qf3 Bxd5 32. cxd5 Kb7 33. Ra2 Rh7 34. Rf2
Nf6 35. Kg2 Rhg7 36. Re3 f4 37. h4 Qxh4 38. Qxf4 Qxf4 39. Rxf4 Nxd5 0-1

[Event "VI Torneo Leonardo di Bona Magistrale"]
[Site "Cutro ITA"]
[Date "2000.05.04"]
[Round "6"]
[White "Blasco, Domenico"]
[Black "Velcheva, Maria"]
[Result "0-1"]
[WhiteElo "2092"]
[BlackElo "2364"]
[PlyCount "110"]
[EventDate "2000.04.29"]

1. d4 d5 2. e3 Nf6 3. Bd3 c5 4. c3 b6 5. Nd2 Bb7 6. f4 e6 7. Qf3 Qc7 8. Nh3 Bd6
9. O-O Nc6 10. Qg3 g6 11. b3 Ne7 12. Bb2 cxd4 13. exd4 Nf5 14. Qe1 O-O-O 15.
Qe2 h6 16. Nf3 Ne4 17. c4 Kb8 18. g4 Ng7 19. Rac1 Qe7 20. Ne5 Rhg8 21. Nf2 f6
22. Nxg6 Qe8 23. Nxe4 dxe4 24. Bxe4 Bxe4 25. Qxe4 f5 26. gxf5 Nxf5 27. Kh1 Qxg6
28. Qf3 Qg4 29. Qxg4 Rxg4 30. Rce1 Rdg8 31. Rg1 Rxg1+ 32. Rxg1 Rxg1+ 33. Kxg1
Bxf4 34. Kg2 Kc7 35. h3 Be3 36. d5 exd5 37. cxd5 Kd6 38. Kf3 Kxd5 39. Kg4 Ke4
40. Bf6 Bd4 41. Bd8 Be5 42. b4 Bc3 43. b5 Nd4 44. a4 Ne6 45. Be7 Bd2 46. Bd6
Nc5 47. Bb8 Nxa4 48. Bxa7 Bf4 49. h4 Be3 50. Bb8 Nc3 51. Bd6 Nxb5 52. Bf8 Nd4
53. Kh5 b5 54. Kg6 Nc6 55. h5 b4 0-1

[Event "VI Torneo Leonardo di Bona Magistrale"]
[Site "Cutro ITA"]
[Date "2000.05.04"]
[Round "6"]
[White "Djingarova, Emilia"]
[Black "Zelcic, Robert"]
[Result "0-1"]
[WhiteElo "2168"]
[BlackElo "2529"]
[PlyCount "62"]
[EventDate "2000.04.29"]

1. e4 c6 2. d3 d5 3. Qe2 g6 4. g3 Bg7 5. Bg2 Nf6 6. Nf3 O-O 7. O-O Bg4 8. Re1
e5 9. Nbd2 Qc8 10. exd5 cxd5 11. Qxe5 Qxc2 12. Qf4 Nc6 13. d4 Bxf3 14. Nxf3 Ne4
15. Be3 Qxb2 16. Rab1 Qxa2 17. Rxb7 Nd8 18. Rd7 Ne6 19. Qh4 g5 20. Nxg5 N6xg5
21. f4 Qa5 22. g4 Qb5 23. Re7 Ne6 24. Bxe4 dxe4 25. Rf1 Nxd4 26. Rxe4 Nf3+ 27.
Rxf3 Qb1+ 28. Kf2 Qxe4 29. f5 Rab8 30. Qg5 Rb2+ 31. Kg3 h6 0-1

[Event "VI Torneo Leonardo di Bona Magistrale"]
[Site "Cutro ITA"]
[Date "2000.05.04"]
[Round "6"]
[White "Gleizerov, Evgeny"]
[Black "Kogan, Artur"]
[Result "1/2-1/2"]
[WhiteElo "2508"]
[BlackElo "2483"]
[PlyCount "20"]
[EventDate "2000.04.29"]

1. d4 Nf6 2. c4 c5 3. d5 e5 4. Nc3 d6 5. e4 Be7 6. g3 h5 7. h4 Na6 8. a3 Bd7 9.
Rb1 Qc8 10. Nh3 g6 1/2-1/2

[Event "VI Torneo Leonardo di Bona Magistrale"]
[Site "Cutro ITA"]
[Date "2000.05.04"]
[Round "6"]
[White "Gorbatov, Alexej"]
[Black "Plachkinova Georgieva, Tatjana"]
[Result "1-0"]
[WhiteElo "2423"]
[BlackElo "2071"]
[PlyCount "77"]
[EventDate "2000.04.29"]

1. c4 e5 2. Nf3 Nc6 3. Nc3 f5 4. d4 e4 5. Bg5 Be7 6. Bxe7 Ncxe7 7. Ng1 d5 8.
cxd5 Nf6 9. e3 Nexd5 10. Nxd5 Qxd5 11. Ne2 Qa5+ 12. Nc3 Be6 13. Qd2 Qb6 14. Na4
Qd6 15. Nc5 Bd5 16. Bb5+ Kf7 17. h3 Rhd8 18. O-O a6 19. Be2 Kg8 20. b4 Rab8 21.
a4 Nd7 22. Rac1 Qg6 23. Qc2 Nxc5 24. bxc5 Qf6 25. Bc4 Qe6 26. a5 b5 27. axb6
cxb6 28. Bxd5 Qxd5 29. cxb6 Rxb6 30. Rfd1 Rdb8 31. Qc7 Rb5 32. Ra1 a5 33. Rxa5
Rf8 34. Rxb5 Qxb5 35. Ra1 f4 36. Ra7 Qg5 37. exf4 Qg6 38. Qe5 Re8 39. Rxg7+ 1-0

[Event "VI Torneo Leonardo di Bona Magistrale"]
[Site "Cutro ITA"]
[Date "2000.05.04"]
[Round "6"]
[White "Lazic, Miroljub"]
[Black "Genocchio, Daniele"]
[Result "1-0"]
[WhiteElo "2478"]
[BlackElo "2245"]
[PlyCount "51"]
[EventDate "2000.04.29"]

1. d4 c5 2. e3 Nf6 3. Nf3 g6 4. c3 b6 5. Nbd2 Bg7 6. Bd3 Ba6 7. Bxa6 Nxa6 8.
O-O O-O 9. a4 d6 10. Qe2 Nc7 11. e4 Qd7 12. dxc5 dxc5 13. Nc4 Ne6 14. Re1 Qb7
15. Ng5 Qc8 16. e5 Nd5 17. Rd1 Qc6 18. Qf3 Rad8 19. Qh3 Nxg5 20. Bxg5 Rfe8 21.
Qf3 Qe6 22. Nd6 Rf8 23. Qxd5 Qd7 24. Qf3 f6 25. exf6 Bxf6 26. Bxf6 1-0

[Event "VI Torneo Leonardo di Bona Magistrale"]
[Site "Cutro ITA"]
[Date "2000.05.04"]
[Round "6"]
[White "Martorelli, Antonio"]
[Black "Lazarev, Vladimir"]
[Result "1/2-1/2"]
[WhiteElo "2271"]
[BlackElo "2493"]
[PlyCount "99"]
[EventDate "2000.04.29"]

1. e4 c5 2. Nf3 Nc6 3. d4 cxd4 4. Nxd4 Qb6 5. Nb3 Nf6 6. Nc3 e6 7. Be2 d6 8.
O-O Qc7 9. f4 a6 10. a4 b6 11. Bf3 Bb7 12. Qe2 Be7 13. Be3 O-O 14. g4 Rfe8 15.
g5 Nd7 16. Qg2 Bf8 17. Rad1 Rab8 18. Nd4 Nxd4 19. Bxd4 e5 20. Be3 exf4 21. Bxf4
Ne5 22. Nd5 Bxd5 23. exd5 g6 24. Be4 Bg7 25. b3 b5 26. axb5 axb5 27. Kh1 Re7
28. Qg3 Rbe8 29. c3 Rc8 30. Rc1 Qb7 31. Bg2 Rec7 32. Rfd1 Qa7 33. Bh3 Ra8 34.
Bf1 Qb7 35. c4 bxc4 36. bxc4 Qc8 37. Bh3 Qe8 38. c5 Qa4 39. cxd6 Rxc1 40. Rxc1
Nd3 41. Rf1 Nxf4 42. Rxf4 Qd1+ 43. Rf1 Qxd5+ 44. Bg2 Qb5 45. Rd1 Rd8 46. Bd5
Qd7 47. Qf3 Rc8 48. Qf4 Rd8 49. Re1 Qf5 50. Qxf5 1/2-1/2

[Event "VI Torneo Leonardo di Bona Magistrale"]
[Site "Cutro ITA"]
[Date "2000.05.04"]
[Round "6"]
[White "Pavlovic, Goran"]
[Black "Laketic, Gojko"]
[Result "0-1"]
[WhiteElo "2371"]
[BlackElo "2456"]
[PlyCount "94"]
[EventDate "2000.04.29"]

1. d4 d6 2. e4 g6 3. Nc3 Bg7 4. Be3 c6 5. a4 a5 6. g3 Nf6 7. h3 O-O 8. Bg2 e5
9. Nge2 Qe7 10. O-O Na6 11. Qd2 exd4 12. Bxd4 Nc5 13. f3 Be6 14. g4 d5 15. Qe3
b6 16. exd5 cxd5 17. g5 Nh5 18. Nxd5 Qd6 19. Bxg7 Kxg7 20. Ndf4 Nxf4 21. Nxf4
Rad8 22. Rfe1 Qd4 23. c3 Qxe3+ 24. Rxe3 Bb3 25. Bf1 Rd2 26. Nd3 Nxd3 27. Rxd3
Rxb2 28. Rd6 Rc8 29. Rxb6 Rxc3 30. Bg2 Rcc2 31. Bf1 Bd5 32. Rxb2 Rxb2 33. Ra3
Bb3 34. Bd3 Kf8 35. Ra1 Ke7 36. Rc1 Kd6 37. Rc8 Bxa4 38. Ra8 Bb5 39. Rb8 Kc5
40. Rb7 a4 41. Bxb5 Rxb5 42. Rxf7 a3 43. Ra7 Kb4 44. h4 Kb3 45. Rxh7 Rb4 46.
Re7 a2 47. Re1 Kc4 0-1

[Event "VI Torneo Leonardo di Bona Magistrale"]
[Site "Cutro ITA"]
[Date "2000.05.05"]
[Round "7"]
[White "Dervishi, Erald"]
[Black "Gleizerov, Evgeny"]
[Result "1/2-1/2"]
[WhiteElo "2478"]
[BlackElo "2508"]
[PlyCount "174"]
[EventDate "2000.04.29"]

1. e4 e6 2. d4 d5 3. Nd2 Nf6 4. e5 Nfd7 5. Bd3 c5 6. c3 Nc6 7. Ne2 cxd4 8. cxd4
f6 9. exf6 Nxf6 10. Nf3 Bd6 11. O-O O-O 12. Bg5 Bd7 13. Rc1 Kh8 14. Re1 Qb6 15.
Bh4 Be8 16. Bg3 Bxg3 17. hxg3 Bh5 18. Qb3 Bxf3 19. gxf3 Nxd4 20. Nxd4 Qxd4 21.
Bf1 Rae8 22. Red1 Qb6 23. Qxb6 axb6 24. Rc7 Rb8 25. Re1 d4 26. Rxe6 Rfe8 27.
Rxe8+ Rxe8 28. Bb5 Rd8 29. Kf1 g5 30. Rxb7 Rd6 31. Rc7 Nd5 32. Rc4 Ne7 33. Ke2
h5 34. Kd3 h4 35. gxh4 gxh4 36. Rxd4 Rh6 37. Ke4 h3 38. Rd1 Rh4+ 39. f4 Ng6 40.
Rh1 Kg7 41. Bd7 h2 42. Kf3 Rxf4+ 43. Kg3 Rd4 44. Be6 Kf6 45. Bb3 Rd2 46. Rxh2
Rxb2 47. Rh5 Rd2 48. Rb5 Rd3+ 49. Kg4 Ne5+ 50. Kf4 Rd4+ 51. Ke3 Rd6 52. Ke4 Nd7
53. Rf5+ Kg6 54. Bf7+ Kg7 55. Bc4 Nf6+ 56. Ke5 Rc6 57. Kd4 Kf8 58. Re5 Rd6+ 59.
Kc3 Nd7 60. Re2 Nb8 61. f4 Nc6 62. a4 Rf6 63. Re4 Rf5 64. Bb5 Ne7 65. Kd4 Rd5+
66. Ke3 Nf5+ 67. Kf2 Nd6 68. Re5 Rxe5 69. fxe5 Nf7 70. Ke3 Nxe5 71. Ke4 Nf7 72.
Kd5 Nd8 73. Ba6 Ke7 74. Bc8 Nf7 75. Kc6 Ne5+ 76. Kxb6 Kd6 77. Bh3 Nc4+ 78. Kb5
Na3+ 79. Kb4 Nc2+ 80. Kc4 Kc6 81. Bg2+ Kb6 82. Be4 Ne3+ 83. Kb4 Ng4 84. a5+ Ka7
85. Kb5 Ne5 86. Bd5 Nd7 87. Be6 Ne5 1/2-1/2

[Event "VI Torneo Leonardo di Bona Magistrale"]
[Site "Cutro ITA"]
[Date "2000.05.05"]
[Round "7"]
[White "Genocchio, Daniele"]
[Black "Blasco, Domenico"]
[Result "1-0"]
[WhiteElo "2245"]
[BlackElo "2092"]
[PlyCount "59"]
[EventDate "2000.04.29"]

1. e4 Nf6 2. e5 Nd5 3. c4 Nb6 4. c5 Nd5 5. Nc3 e6 6. d4 Nxc3 7. bxc3 b6 8. Qf3
Nc6 9. cxb6 axb6 10. Nh3 Ba3 11. Ng5 Qe7 12. Bd2 f6 13. Qh5+ g6 14. exf6 Qxf6
15. Qh3 Ra5 16. f4 Ba6 17. Bxa6 Rxa6 18. Nxh7 Qg7 19. Qd3 Ra4 20. Ng5 Nxd4 21.
cxd4 Rxd4 22. Qxa3 Rd3 23. Qxd3 Qxa1+ 24. Kf2 Qxh1 25. Qxg6+ Ke7 26. Qg7+ Kd6
27. Qxh8 Qd1 28. Qd4+ Kc6 29. Qe4+ Kb5 30. Qe2+ 1-0

[Event "VI Torneo Leonardo di Bona Magistrale"]
[Site "Cutro ITA"]
[Date "2000.05.05"]
[Round "7"]
[White "Kogan, Artur"]
[Black "Dragojlovic, Andjelko"]
[Result "1-0"]
[WhiteElo "2483"]
[BlackElo "2437"]
[PlyCount "137"]
[EventDate "2000.04.29"]

1. e4 c5 2. Nc3 g6 3. f4 Bg7 4. Nf3 d6 5. Bb5+ Nd7 6. a4 e6 7. O-O Ne7 8. d4 a6
9. Be2 cxd4 10. Nxd4 O-O 11. f5 Qb6 12. Be3 e5 13. f6 Bxf6 14. Nf5 Qd8 15. Nh6+
Kg7 16. Ng4 Ng8 17. Qxd6 Bg5 18. Rad1 Bxe3+ 19. Nxe3 Qb6 20. Qxb6 Nxb6 21. Rd6
Nd7 22. Ned5 h5 23. Bc4 Rb8 24. b4 f5 25. exf5 gxf5 26. Rf3 Ndf6 27. Rg3+ Ng4
28. Rh3 N4f6 29. Rg3+ Ng4 30. Rh3 N8f6 31. Nxf6 Nxf6 32. Nd5 f4 33. Nxf6 Rxf6
34. Rd8 b5 35. axb5 axb5 36. Bd3 Bxh3 37. Rxb8 Bd7 38. Rb7 Rf7 39. Bxb5 Bxb5
40. Rxb5 Kf6 41. Rc5 Rd7 42. Kf1 h4 43. h3 e4 44. b5 Rd1+ 45. Ke2 Rg1 46. b6
Rxg2+ 47. Kf1 Rg8 48. b7 Rb8 49. Rb5 Ke6 50. Ke2 Kd6 51. Kf2 Kc6 52. Rf5 f3 53.
Ke3 Kxb7 54. Kxe4 Re8+ 55. Kd3 Rd8+ 56. Ke3 Re8+ 57. Kxf3 Rc8 58. Rb5+ Ka6 59.
Rb4 Rxc2 60. Kg4 Ka5 61. Rd4 Kb5 62. Kxh4 Kc5 63. Rd1 Re2 64. Kg5 Re5+ 65. Kf4
Re8 66. h4 Rh8 67. Kg5 Rg8+ 68. Kf6 Rh8 69. Rh1 1-0

[Event "VI Torneo Leonardo di Bona Magistrale"]
[Site "Cutro ITA"]
[Date "2000.05.05"]
[Round "7"]
[White "Lazarev, Vladimir"]
[Black "Gorbatov, Alexej"]
[Result "1/2-1/2"]
[WhiteElo "2493"]
[BlackElo "2423"]
[PlyCount "112"]
[EventDate "2000.04.29"]

1. d4 e6 2. c4 b6 3. a3 Nf6 4. Nc3 d5 5. cxd5 Nxd5 6. e4 Nxc3 7. bxc3 Bb7 8.
Bd3 c5 9. Nf3 Be7 10. O-O O-O 11. Qe2 Nc6 12. Bb2 Na5 13. Rad1 Qc7 14. Rfe1
Rac8 15. h3 Rfd8 16. d5 c4 17. Bc2 e5 18. a4 Bc5 19. Nh4 g6 20. Bc1 Rd6 21. Kh1
Qd8 22. Nf3 f6 23. Nh2 Rd7 24. f4 Bd6 25. Rf1 Qe7 26. Ng4 exf4 27. Bxf4 Bxf4
28. Rxf4 f5 29. Ne3 Qe5 30. Qf2 Re8 31. Rd4 Ree7 32. Rf3 fxe4 33. Bxe4 Kg7 34.
Ng4 Qg5 35. Ne3 Rf7 36. Kg1 Rxf3 37. Bxf3 Qe5 38. Ng4 Qg5 39. Ne3 Qe5 40. Ng4
Qg5 41. h4 Qc1+ 42. Bd1 Rf7 43. Qe1 Nb3 44. Qe5+ Kg8 45. Nf6+ Rxf6 46. Qxf6
Qe3+ 47. Kh2 Nxd4 48. cxd4 Qe8 49. d6 Qf8 50. Qe5 Qf2 51. Qe8+ Kg7 52. Qe7+ Kg8
53. Qg5 Bxg2 54. Qd8+ Kg7 55. Qe7+ Kg8 56. Qd8+ Kg7 1/2-1/2

[Event "VI Torneo Leonardo di Bona Magistrale"]
[Site "Cutro ITA"]
[Date "2000.05.05"]
[Round "7"]
[White "Plachkinova Georgieva, Tatjana"]
[Black "Djingarova, Emilia"]
[Result "1/2-1/2"]
[WhiteElo "2071"]
[BlackElo "2168"]
[PlyCount "32"]
[EventDate "2000.04.29"]

1. e4 e6 2. d4 d5 3. exd5 exd5 4. Bd3 Ne7 5. Ne2 Bf5 6. Bxf5 Nxf5 7. Bf4 Bd6 8.
Bxd6 Nxd6 9. O-O O-O 10. Nbc3 c6 11. Ng3 Nd7 12. Re1 Re8 13. Rxe8+ Qxe8 14. Qe1
Qxe1+ 15. Rxe1 Re8 16. Rxe8+ Nxe8 1/2-1/2

[Event "VI Torneo Leonardo di Bona Magistrale"]
[Site "Cutro ITA"]
[Date "2000.05.05"]
[Round "7"]
[White "Safranska, Anda"]
[Black "Pavlovic, Goran"]
[Result "1/2-1/2"]
[WhiteElo "2367"]
[BlackElo "2371"]
[PlyCount "174"]
[EventDate "2000.04.29"]

1. e4 e6 2. d3 c5 3. g3 d5 4. Nd2 Nf6 5. Bg2 Nc6 6. Ngf3 Be7 7. O-O b6 8. Re1
Bb7 9. c3 Qc7 10. a3 dxe4 11. dxe4 O-O 12. e5 Nd7 13. Qe2 a6 14. a4 Na5 15. b3
Rac8 16. Rb1 c4 17. b4 Nb3 18. Nxb3 cxb3 19. Rxb3 Bd5 20. Ra3 a5 21. Bd2 Qb7
22. Raa1 Rfd8 23. Rec1 Nxe5 24. Qxe5 Bxf3 25. Bxf3 Qxf3 26. Qe3 Qc6 27. bxa5
bxa5 28. c4 Qa6 29. Rab1 Rxc4 30. Rxc4 Qxc4 31. Bxa5 Ra8 32. Rb7 Qxa4 33. Qf3
Qxa5 34. Rxe7 Rf8 35. Qb7 h6 36. Kg2 g5 37. Qf3 Qe5 38. Rb7 Qd4 39. h3 Qg7 40.
Qe4 Qc3 41. Ra7 Qc5 42. Rd7 Qc3 43. h4 Rc8 44. hxg5 hxg5 45. Kh2 Qf6 46. Kg2
Kg7 47. Rd3 Rh8 48. Rd4 Rh6 49. Kg1 Rh7 50. Kg2 Rh8 51. Kg1 Rc8 52. Rc4 Rd8 53.
Rc1 Rd2 54. Qe3 Rd5 55. Kg2 Qf5 56. Qc3+ e5 57. Re1 g4 58. Re3 f6 59. Qb4 Qd7
60. Re2 Rd4 61. Qc3 Qd5+ 62. Kh2 Rd1 63. Re1 Rd2 64. Qe3 Qd4 65. Kg2 Kg6 66.
Re2 Rd3 67. Qe4+ Qxe4+ 68. Rxe4 Rd4 69. Re2 Kf5 70. Ra2 Ke4 71. Ra6 f5 72. Rf6
Rd2 73. Rf8 Rd3 74. Rf7 Rf3 75. Rf8 Kd3 76. Ra8 e4 77. Ra3+ Kd4 78. Ra4+ Ke5
79. Ra5+ Kf6 80. Ra6+ Kg5 81. Re6 Ra3 82. Kg1 Ra1+ 83. Kg2 Ra7 84. Kf1 Rh7 85.
Ke2 Rh6 86. Re5 Rd6 87. Re8 Kf6 1/2-1/2

[Event "VI Torneo Leonardo di Bona Magistrale"]
[Site "Cutro ITA"]
[Date "2000.05.05"]
[Round "7"]
[White "Zelcic, Robert"]
[Black "Martorelli, Antonio"]
[Result "1-0"]
[WhiteElo "2529"]
[BlackElo "2271"]
[PlyCount "113"]
[EventDate "2000.04.29"]

1. e4 c5 2. Nf3 e6 3. d4 cxd4 4. Nxd4 a6 5. Bd3 Nc6 6. Nxc6 dxc6 7. Nd2 e5 8.
Nc4 Ne7 9. Be3 Ng6 10. Nb6 Rb8 11. Nxc8 Rxc8 12. Qg4 Bb4+ 13. c3 O-O 14. Rd1
Be7 15. Bxa6 Qa5 16. Bc4 b5 17. Bb3 c5 18. Bd5 b4 19. cxb4 Qxb4+ 20. Rd2 Nf4
21. a3 Qb5 22. Bxf4 exf4 23. Qe2 c4 24. O-O Qa5 25. Rc2 c3 26. Qg4 Bf6 27. bxc3
Rxc3 28. Rxc3 Bxc3 29. Qxf4 Qxa3 30. Rb1 Qe7 31. Rb7 g5 32. Qe3 Qf6 33. g3 Bd4
34. Qe2 Kg7 35. Kg2 Kg6 36. Rb3 h5 37. Rf3 Qe7 38. Rf5 f6 39. h4 Rb8 40. hxg5
fxg5 41. Bf7+ Kg7 42. Bxh5 Rf8 43. Qf3 Rxf5 44. Qxf5 Qf6 45. Qxf6+ Kxf6 46. f4
Bc3 47. Kf3 Ke6 48. Bg4+ Kf7 49. e5 Ke7 50. Ke4 gxf4 51. gxf4 Be1 52. f5 Bh4
53. Kf4 Kf7 54. Bh5+ Ke7 55. Bd1 Kf8 56. f6 Kf7 57. Kf5 1-0

[Event "VI Torneo Leonardo di Bona Magistrale"]
[Site "Cutro ITA"]
[Date "2000.05.06"]
[Round "8"]
[White "Djingarova, Emilia"]
[Black "Blasco, Domenico"]
[Result "1-0"]
[WhiteElo "2168"]
[BlackElo "2092"]
[PlyCount "87"]
[EventDate "2000.04.29"]

1. e4 Nf6 2. e5 Nd5 3. c4 Nb6 4. d4 d6 5. f4 dxe5 6. fxe5 Nc6 7. Be3 Bf5 8. Be2
e6 9. Nf3 Be7 10. O-O O-O 11. Nc3 f6 12. exf6 Bxf6 13. Qd2 Qe7 14. c5 Nd5 15.
Nxd5 exd5 16. Rae1 Rae8 17. Bf2 Qd8 18. b4 Re4 19. b5 Nb8 20. Bd3 Rxe1 21. Rxe1
Bxd3 22. Qxd3 c6 23. Bg3 Re8 24. Rb1 cxb5 25. Rxb5 Qd7 26. Qb3 Nc6 27. Rxb7 Qe6
28. Qd3 Qe2 29. Qxe2 Rxe2 30. Be5 Rxa2 31. Rc7 Nb4 32. h3 a5 33. Bd6 Rc2 34.
Ne5 Bxe5 35. dxe5 Re2 36. Rc8+ Kf7 37. c6 Nxc6 38. Rxc6 a4 39. Ra6 Re4 40. Bb8
h5 41. Kf2 h4 42. Kf3 Rb4 43. e6+ Ke8 44. Bd6 1-0

[Event "VI Torneo Leonardo di Bona Magistrale"]
[Site "Cutro ITA"]
[Date "2000.05.06"]
[Round "8"]
[White "Dragojlovic, Andjelko"]
[Black "Safranska, Anda"]
[Result "1/2-1/2"]
[WhiteElo "2437"]
[BlackElo "2367"]
[PlyCount "53"]
[EventDate "2000.04.29"]

1. e4 d6 2. d4 Nf6 3. Nc3 g6 4. Be2 Bg7 5. Nf3 O-O 6. O-O c6 7. h3 Qc7 8. Bf4
Nbd7 9. a4 e5 10. Bh2 a5 11. Qd2 Re8 12. dxe5 dxe5 13. Bc4 h6 14. Rad1 Nh5 15.
Qd6 Qxd6 16. Rxd6 Nf8 17. Rfd1 Nf4 18. Rd8 Be6 19. Rxa8 Rxa8 20. Bf1 Re8 21.
Ne1 Nd7 22. f3 Bf8 23. Bg3 Bc5+ 24. Bf2 Bxf2+ 25. Kxf2 Nc5 26. g3 Nh5 27. Nd3
1/2-1/2

[Event "VI Torneo Leonardo di Bona Magistrale"]
[Site "Cutro ITA"]
[Date "2000.05.06"]
[Round "8"]
[White "Gleizerov, Evgeny"]
[Black "Lazic, Miroljub"]
[Result "1-0"]
[WhiteElo "2508"]
[BlackElo "2478"]
[PlyCount "59"]
[EventDate "2000.04.29"]

1. d4 d5 2. c4 c6 3. Nf3 Nf6 4. Nc3 e6 5. g3 Nbd7 6. Bg2 Bd6 7. O-O O-O 8. Nd2
Re8 9. e4 e5 10. dxe5 Bxe5 11. exd5 cxd5 12. Nxd5 Nb6 13. Nxf6+ Bxf6 14. c5 Nd7
15. Ne4 Qe7 16. Re1 Ne5 17. Bf4 Bg4 18. Qb3 Be6 19. Nxf6+ gxf6 20. Qc3 Rad8 21.
Bxe5 fxe5 22. Rxe5 Rd7 23. Rae1 Red8 24. h4 h6 25. Bh3 Rd3 26. Qc1 Qf8 27. Bxe6
fxe6 28. Rxe6 Rd2 29. R6e2 Rxe2 30. Qc4+ 1-0